Mixed Word: 'Bertie Bott's' flavors Quiz Stats

Quiz not verified by Sporcle

Challenge
Share
Tweet
From Collages
Score 0/30 Timer 06:00
0 Plays Today
Mixed Word Bertie Bott's flavor % Correct
SRGASGRASS
96.1%
AXARWEEARWAX
94.2%
MAFR TRDIFARM DIRT
91.3%
AZIPZPIZZA
91.3%
VILERLIVER
90.3%
KCLAB EPERPEBLACK PEPPER
89.3%
RGYVAGRAVY
86.4%
THASPETIGSPAGHETTI
82.5%
RYDIT CSKODIRTY SOCK
82.5%
TENTOR GEGROTTEN EGG
82.5%
ANBOCBACON
81.6%
SORTA FEBEROAST BEEF
81.6%
ILICLHCHILLI
80.6%
EPRITTRIPE
80.6%
IVTMOVOMIT
79.6%
Mixed Word Bertie Bott's flavor % Correct
INNOOONION
77.7%
KEBDA ESABNBAKED BEANS
76.7%
CHINPASSPINACH
75.7%
CRBOILCOBROCCOLI
75.7%
DAMSEH STEPOOTAMASHED POTATOES
74.8%
USAEGASSAUSAGE
73.8%
OLTLR YBOEGTROLL BOGEY
73.8%
DREAMALAMMARMALADE
72.8%
PSUROTSSPROUTS
70.9%
KNPI FREITAGUPRPINK GRAPEFRUIT
69.9%
DRUMASTMUSTARD
56.3%
PUCEKTHKETCHUP
46.6%
SHARIREOHDSHORSERADISH
33%
ASDENIRSARDINE
31.1%
WTAMHERROEARTHWORM
18.4%

You're not logged in!

Compare scores with friends on all Sporcle quizzes.
Sign Up with Email
OR
Log In

You Might Also Like...

Show Comments

Extras

Top Quizzes Today


Score Distribution

Your Account Isn't Verified!

In order to create a playlist on Sporcle, you need to verify the email address you used during registration. Go to your Sporcle Settings to finish the process.

Report this User

Report this user for behavior that violates our Community Guidelines.

Details: